Cooperative dairy development in India: (Record no. 19573)

MARC details
000 -LEADER
fixed length control field 00941cam a22002414a 4500
005 - DATE AND TIME OF LATEST TRANSACTION
control field 20080820115011.0
008 - FIXED-LENGTH DATA ELEMENTS--GENERAL INFORMATION
fixed length control field 080216s2008 ii b 001 0 eng
010 ## - LCCN (DPL NO)
LC control number ENG-92050
020 ## - INTERNATIONAL STANDARD BOOK NUMBER
International Standard Book Number 9788181981073
Terms of availability 395.00
020 ## - INTERNATIONAL STANDARD BOOK NUMBER
International Standard Book Number 8181981073
Terms of availability 395.00
035 ## - SYSTEM CONTROL NUMBER
System control number EN-75583
037 ## - SOURCE OF ACQUISITION
Source of stock number/acquisition DBAD / PUB
040 ## - CATALOGING SOURCE
Original cataloging agency dpl
Language of cataloging English
082 ## - DEWEY DECIMAL CLASSIFICATION NUMBER
Classification number 334.68370954
100 ## - MAIN ENTRY--PERSONAL NAME
Personal name Shekhawat, Prahlad Singh
245 ## - TITLE STATEMENT
Title Cooperative dairy development in India:
Remainder of title (replication in Rajasthan) /
Statement of responsibility, etc by Prahlad Singh Shekhawat
260 ## - PUBLICATION, DISTRIBUTION, ETC. (IMPRINT)
Place of publication, distribution, etc Jaipur
Name of publisher, distributor, etc University Book House
Date of publication, distribution, etc 2008
270 ## - ADDRESS
Address 79, Chaura Rasta,
City Jaipur
Postal code 3
300 ## - PHYSICAL DESCRIPTION
Extent vii, 90p.:
Dimensions 21cm (pbk)
Other physical details maps.
650 ## - SUBJECT ADDED ENTRY--TOPICAL TERM
Topical term or geographic name as entry element Dairying, Cooperative
Geographic subdivision India
942 ## - ADDED ENTRY ELEMENTS (KOHA)
Source of classification or shelving scheme Dewey Decimal Classification
Item type English Books
Call number suffix SHE
Classification part 334.68370954
Holdings
Withdrawn status Lost status Source of classification or shelving scheme Damaged status Not for loan Collection code Home library Current library Date acquired Source of acquisition Cost, normal purchase price Total Checkouts Full call number Barcode Date last seen Copy number Cost, replacement price Koha item type
    Dewey Decimal Classification   Not For Loan Non-fiction D.B.Act.Division D.B.Act.Division 08/12/2008 DBAD / PUB 395.00   334.68370954 SHE EN-75583 08/12/2008 1 395.00 English Books

© Delhi Public Library
Hit Counter
free hit counter